[Event "USA-ch Juniors Open 2019"]
[Site "Saint Louis"]
[Date "2019.07.19"]
[Round "8.2"]
[White "Checa, Nicolas"]
[Black "Burke, John M"]
[Result "1/2-1/2"]
[WhiteElo "2506"]
[BlackElo "2562"]
[Annotator "TA"]
[PlyCount "60"]
[EventDate "2019.07.09"]
[EventType "tourn"]
[EventCountry "USA"]
[SourceTitle "playchess.com"]
[Source "ChessBase"]
[SourceQuality "1"]

{[%evp 12,60,4,18,24,29,41,45,41,10,6,6,14,18,13,6,11,0,8,0,14,20,26,23,23,20,32,17,31,13,20,13,13,5,15,12,27,4,9,6,11,0,6,0,0,-4,0,0,0,-7,0]} 1. d4 Nf6 2. c4 g6 3. Nf3 Bg7 4. g3 d5 5. Bg2 c6 6. cxd5 cxd5 7. Nc3 Ne4 {D73: Fianchetto Grünfeld: 5 Nf3} 8. Ne5 Nd7 9. Nxd7 Qxd7 {White is slightly better.} 10. Nxe4 dxe4 11. Bxe4 Bxd4 $146 ({Predecessor:} 11... Qxd4 12. Qxd4 Bxd4 13. O-O O-O 14. Rd1 Bg7 15. Be3 Be6 16. Bd4 Rfd8 17. Bxg7 Kxg7 18. Bxb7 Rxd1+ 19. Rxd1 Rb8 20. Bd5 Bxd5 {½-½ (20) Fridman,D (2605)-Areshchenko,A (2677) Minsk 2017}) 12. O-O O-O 13. Bf4 Rd8 14. Qb3 e5 15. Be3 Qe6 16. Rfd1 Qxb3 17. axb3 Be6 18. Bxd4 exd4 19. Rd3 Rac8 20. Rd2 Bxb3 21. Rxa7 b6 22. Kg2 Rd6 23. h4 Re8 24. Bf3 (24. Bd3 {is more complex.} Rc8 25. f3 Rc5 26. g4 Kg7 27. Ra1) 24... Re5 {The position is equal.} 25. Ra3 Rb5 26. Be4 Rb4 27. Bf3 h5 28. Rd3 Bc2 29. Rd2 Bb3 30. Rd3 Bc2 {Accuracy: White = 60%, Black = 48%.} 1/2-1/2

[Event "USA-ch Juniors Open 2019"]
[Site "Saint Louis"]
[Date "2019.07.19"]
[Round "8.3"]
[White "Jacobson, Brandon"]
[Black "Sheng, Joshua"]
[Result "1/2-1/2"]
[WhiteElo "2456"]
[BlackElo "2449"]
[Annotator "TA"]
[PlyCount "84"]
[EventDate "2019.07.09"]
[EventType "tourn"]
[EventCountry "USA"]
[SourceTitle "playchess.com"]
[Source "ChessBase"]
[SourceQuality "1"]

{[%evp 10,84,24,21,24,18,24,18,23,33,50,17,25,28,33,42,107,108,127,83,202,56,55,0,79,102,87,104,95,21,26,25,18,24,23,15,19,17,11,14,12,13,17,8,17,7,7,0,17,8,15,5,11,0,0,4,10,0,5,0,0,0,0,0,0,0,0,0,0,0,0,0,2,0,0,0,0]} 1. e4 e5 2. Nf3 Nc6 3. Bc4 Bc5 4. c3 Nf6 5. d3 O-O 6. Nbd2 a6 {C54: Giuoco Piano: 4 c3 Nf6, main lines with 5 d4 and 5 d3} 7. a4 d5 8. exd5 Nxd5 9. Ne4 Be7 10. a5 $146 ({Predecessor:} 10. O-O Bg4 11. h3 Bh5 12. Re1 Kh8 13. Ng3 Bg6 {1-0 (28) Savchenko,B (2581)-Inarkiev,E (2694) Sochi 2017}) 10... b5 11. axb6 cxb6 12. O-O Nc7 {[#]} (12... Qd7 $14) 13. Nfg5 $1 $16 Qe8 14. Qh5 {[%csl Gg5][%cal Rh5h7]} h6 {[#]} (14... Bf5 $16) 15. Nf3 (15. f4 $1 $18) 15... Be6 $14 16. Nxe5 (16. Bxe6 $14 Nxe6 17. Ng3) 16... Nxe5 (16... g6 $11 {remains equal.} 17. Nxg6 fxg6 18. Bxe6+ Nxe6 19. Qxh6 a5) 17. Qxe5 $16 Bxc4 18. dxc4 Ne6 19. Nd6 (19. Re1 $16) 19... Qb8 $1 $11 20. c5 $1 Rd8 21. Qe2 Nxc5 22. Nf5 Bf8 $1 {The position is equal.} 23. Be3 Qc8 24. Qg4 {Threatens to win with b4.} Kh7 25. Qf3 b5 26. Nd4 Qb7 27. Qxb7 Nxb7 28. Nc6 Rd7 29. Rfd1 Rxd1+ 30. Rxd1 Rc8 31. Ne5 f6 32. Nd7 Be7 33. g3 Kg8 34. Kg2 Kf7 35. Nb6 Rd8 36. Ra1 a5 37. c4 bxc4 38. Nxc4 Rd5 39. Bd2 {[%cal Rd2a5]} Rd4 40. Rc1 Rd5 41. Kf1 Nd6 {aiming for ...Nxc4.} 42. Ke2 Rb5 {Accuracy: White = 44%, Black = 63%.} 1/2-1/2

[Event "USA-ch Juniors Open 2019"]
[Site "Saint Louis"]
[Date "2019.07.19"]
[Round "8.4"]
[White "Yu, Jennifer"]
[Black "Liang, Awonder"]
[Result "0-1"]
[WhiteElo "2341"]
[BlackElo "2592"]
[Annotator "TA"]
[PlyCount "52"]
[EventDate "2019.07.09"]
[EventType "tourn"]
[EventCountry "USA"]
[SourceTitle "playchess.com"]
[Source "ChessBase"]
[SourceQuality "1"]

{[%evp 12,134,14,0,6,0,4,0,20,0,8,0,12,-28,-25,-28,-28,-27,-29,-39,-37,-62,-61,-34,-31,-30,-29,-30,-35,-22,-27,-41,-33,-63,-44,-49,0,0,0,0,0,0,0,0,0,0,0,0,8,0,0,-15,-19,-11,-17,-18,0,0,0,0,0,-10,-8,-10,-2,-8,-8,-87,-41,-41,-41,-41,-42,-42,-11,-11,-11,-11,-11,-11,-11,-14,-9,-9,-9,-9,-9,-9,-9,-9,0,0,0,-9,-9,-10,-10,-10,-10,-256,-254,-292,-292,-477,-474,-1116,-1113,-1069,-929,-986,-914,-866,-827,-1582,-1448,-1592,-1388,-1372,-1313,-6522,-6309,-9506,-5855,-5118,-5073]} 1. c4 Nf6 2. Nc3 e5 3. Nf3 Nc6 4. g3 Nd4 5. Bg2 Nxf3+ 6. Bxf3 Bb4 7. O-O O-O {A29: English Opening: Four Knights Variation with 4 g3} 8. d4 (8. Qb3 a5 9. Rd1 Re8 10. d3 h6 11. Bg2 Ra6 12. h3 Rae6 13. Be3 d6 14. Na4 b6 15. a3 {0-1 (30) Aronian,L (2784)-Kovalenko,I (2700) Berlin 2015}) 8... Bxc3 9. bxc3 d6 {The position is equal.} 10. a4 $146 ({Predecessor:} 10. Qb3 e4 11. Bg2 h6 12. f3 Re8 13. fxe4 Nxe4 14. Qc2 Qe7 15. Ba3 {½-½ (38) Erenberg,A (2409)-Giemsa,S (2275) Caleta 2019}) 10... e4 11. Bg2 h6 12. f3 Re8 13. g4 exf3 14. exf3 b6 15. Re1 Ba6 16. Bf1 d5 17. Rxe8+ Qxe8 18. cxd5 Bxf1 19. Qxf1 Nxd5 20. Bd2 Qd7 21. Qd3 a5 22. Kg2 Re8 23. c4 Ne7 24. Bf4 Ng6 25. Bg3 Qc6 26. Ra2 Qf6 {Played: Re8-e1} 0-1

[Event "USA-ch Juniors Open 2019"]
[Site "Saint Louis"]
[Date "2019.07.19"]
[Round "8.5"]
[White "Tang, Andrew"]
[Black "Hilby, Craig"]
[Result "1-0"]
[WhiteElo "2495"]
[BlackElo "2433"]
[Annotator "TA"]
[PlyCount "57"]
[EventDate "2019.07.09"]
[EventType "tourn"]
[EventCountry "USA"]
[SourceTitle "playchess.com"]
[Source "ChessBase"]
[SourceQuality "1"]

{[%evp 9,57,38,52,43,43,23,24,23,18,10,22,0,7,0,0,0,4,17,29,20,29,0,0,0,0,0,143,91,79,71,78,77,114,149,248,225,208,200,196,175,186,143,881,865,29992,29993,29993,647,29949,6227]} 1. d4 d6 2. Nc3 g6 3. e4 Bg7 4. Bg5 Nc6 5. Nge2 Nf6 6. f3 {B06: Modern Defence} e5 7. d5 Ne7 8. Qd2 {White has an edge.} h6 9. Be3 c6 10. Ng3 h5 11. h4 cxd5 12. exd5 $146 ({Predecessor:} 12. Bb5+ Bd7 13. Bxd7+ Qxd7 14. exd5 {0-1 (51) Stisis,Y (2391)-Nikolaidis,I (2531) Panormo 2001}) 12... O-O 13. Be2 a6 14. O-O-O b5 15. Bh6 Bb7 16. Bxg7 Kxg7 17. Qg5 Bxd5 (17... Bc8 $11 {keeps the balance.}) 18. f4 (18. Nxd5 $142 Nexd5 19. Rd2) 18... exf4 $16 19. Nxh5+ Nxh5 20. Bxh5 Bb7 21. Qxf4 Nc8 (21... Nf5 $16 {was necessary.}) 22. Bf3 Bxf3 23. Qxf3 (23. gxf3 $6 Qf6 $16) 23... Nb6 24. Ne4 Qe7 25. h5 $36 {[%mdl 2048] Hoping for hxg6. White is in control.} ({Much less strong is} 25. Rxd6 $6 Nc4 $16) ({Don't take} 25. Nxd6 Rad8) 25... d5 $2 {[%mdl 8192]} (25... Nc4 $16 26. b3 f5) 26. hxg6 $18 {Intending Rh7+ and mate.} Qxe4 27. Rh7+ Kxg6 {[#]} 28. Qg3+ (28. Rh6+ $142 $1 {[%mdl 512]} Kxh6 29. Qf6+ Kh5 {[#]} 30. g4+ $1 {[%mdl 576] Decoy} Kxg4 31. Rg1+ Qg2 32. Rxg2+ Kh3 33. Qf3+ Kh4 34. Qg4#) 28... Kf6 29. Qd6+ {[%mdl 64] Double Attack. Accuracy: White = 56%, Black = 52%.} 1-0

[Event "USA-ch Juniors Open 2019"]
[Site "Saint Louis"]
[Date "2019.07.20"]
[Round "9.1"]
[White "Hilby, Craig"]
[Black "Vaidya, Atulya"]
[Result "1/2-1/2"]
[WhiteElo "2433"]
[BlackElo "2118"]
[Annotator "NA"]
[PlyCount "71"]
[EventDate "2019.07.09"]
[EventType "tourn"]
[EventCountry "USA"]
[SourceTitle "playchess.com"]
[Source "ChessBase"]
[SourceQuality "1"]
[TimeControl "40/5400+30:1800+30"]

1. e4 {[%emt 0:00:00]} c6 {[%emt 0:00:00]} 2. d4 {[%emt 0:00:00]} d5 {[%emt 0:00:00]} 3. e5 {[%emt 0:00:00]} Bf5 {[%emt 0:00:00]} 4. h4 {[%emt 0:00:00]} h5 {[%emt 0:00:00]} 5. Bd3 {[%emt 0:00:05]} Bxd3 {[%emt 0:01:44]} 6. Qxd3 {[%emt 0:00:34]} e6 {[%emt 0:00:05]} 7. Bg5 {[%emt 0:00:10]} Be7 {[%emt 0:03:29]} 8. Nf3 {[%emt 0:02:04]} Bxg5 {[%emt 0:00:40]} 9. hxg5 {[%emt 0:01:26]} Qb6 {[%emt 0:05:18]} 10. Nc3 {[%emt 0:06:17]} Ne7 {[%emt 0:05:33]} 11. O-O-O {[%emt 0:04:17]} Na6 {[%emt 0:08:56]} 12. g4 {[%emt 0:02:04]} Qa5 {[%emt 0:03:39]} 13. Rxh5 {[%emt 0:02:55]} Rf8 {[%emt 0:01:33]} 14. Kb1 {[%emt 0:01:37]} b5 {[%emt 0:03:18]} 15. Nd2 {[%emt 0:04:22]} Qb6 {[%emt 0:05:39]} 16. Nb3 {[%emt 0:01:32]} Nb4 {[%emt 0:12:23]} 17. Qe3 {[%emt 0:02:39]} a5 {[%emt 0:00:29]} 18. Nc5 {[%emt 0:01:47]} Na6 {[%emt 0:02:46]} 19. Nxa6 {[%emt 0:05:36]} Qxa6 {[%emt 0:03:48]} 20. Rdh1 {[%emt 0:02:05]} Kd7 {[%emt 0:01:13]} 21. Rh7 {[%emt 0:01:26]} Rg8 {[%emt 0:00:16]} 22. Ne2 {[%emt 0:00:33]} b4 {[%emt 0:07:23]} 23. Nc1 {[%emt 0:02:08]} c5 {[%emt 0:02:31]} 24. dxc5 {[%emt 0:04:37]} Qc4 {[%emt 0:00:40]} 25. Nd3 {[%emt 0:05:56]} a4 {[%emt 0:01:54]} 26. Qf4 {[%emt 0:03:43]} b3 {[%emt 0:00:07]} 27. Qxc4 {[%emt 0:03:41]} dxc4 {[%emt 0:00:10]} 28. Nf4 {[%emt 0:00:34]} Rgb8 {[%emt 0:02:33]} 29. a3 {[%emt 0:04:48]} bxc2+ {[%emt 0:01:54]} 30. Kxc2 {[%emt 0:00:10]} Rb5 {[%emt 0:00:04]} 31. Rd1+ {[%emt 0:02:29]} Nd5 {[%emt 0:01:23]} 32. Nxd5 {[%emt 0:02:20]} exd5 {[%emt 0:00:06]} 33. Rxg7 {[%emt 0:00:31]} Rab8 {[%emt 0:00:29]} 34. Rxd5+ {[%emt 0:03:52]} Ke6 {[%emt 0:00:17]} 35. Rd6+ {[%emt 0:00:22]} Kxe5 {[%emt 0:00:08]} 36. Rb6 {[%emt 0:00:14]} 1/2-1/2

[Event "USA-ch Juniors Open 2019"]
[Site "Saint Louis"]
[Date "2019.07.20"]
[Round "9.2"]
[White "Liang, Awonder"]
[Black "Tang, Andrew"]
[Result "1/2-1/2"]
[WhiteElo "2592"]
[BlackElo "2495"]
[Annotator "TA"]
[PlyCount "77"]
[EventDate "2019.07.09"]
[EventType "tourn"]
[EventCountry "USA"]
[SourceTitle "playchess.com"]
[Source "ChessBase"]
[SourceQuality "1"]

{[%evp 9,77,5,45,9,40,33,36,36,36,26,14,26,13,4,27,21,29,34,25,6,8,0,8,-33,-35,-38,-39,-40,-38,-51,-45,-55,-59,-76,-72,-57,-61,-62,-43,-66,-66,-97,-97,-95,-103,-185,-106,-181,-208,-222,-177,-254,-243,-258,-259,-257,-248,-333,-280,-260,-268,-292,0,0,0,0,0,0,0,0]} 1. e4 e5 2. Nf3 Nc6 3. Bb5 g6 4. d4 $146 ({Predecessor:} 4. c3 Bg7 5. d4 exd4 6. cxd4 a6 {0-1 (64) Sevian,S (2647)-Dreev,A (2670) chess.com INT 2019}) 4... exd4 5. c3 a6 6. Ba4 {C60: Ruy Lopez: Unusual Black 3rd moves and 3...g6} (6. Bxc6 $5 dxc6 7. cxd4 $11) 6... Bg7 7. cxd4 b5 8. Bc2 {White is slightly better.} d6 9. h3 Nf6 10. O-O O-O 11. Nc3 Bb7 12. Re1 Re8 13. Bg5 {Hoping for e5.} h6 14. Bd2 Na5 15. Qc1 Kh7 16. b3 b4 17. Na4 Bxe4 18. Bxe4 Nxe4 19. Bxb4 c5 $1 {[%cal Rc5b4]} 20. Bxa5 Qxa5 21. Qc4 Nd2 22. Nxd2 Qxd2 {[%mdl 64] Double Attack} 23. Red1 Qf4 {[%cal Rg7d4]} 24. Rd3 Ra7 {[%cal Rg7d4]} 25. Rf1 cxd4 26. Nb6 Qf5 27. Rdd1 {[#]} (27. Rf3 $17 Qb5 28. Qxb5 axb5 29. Nd5) 27... Qc5 (27... Rb8 $1 $19 {[%cal Rb8b6]} 28. Na4 Rc8) 28. Qa4 (28. Qxc5 $17 {was necessary.} dxc5 29. Rfe1) 28... Re2 $19 29. Nc4 d5 $36 {[%mdl 2048] Black has strong initiative.} 30. Nd2 (30. Na5 {was called for.}) 30... Qc2 31. Nf3 {[#]} Rxf2 $1 {[%mdl 576] Deflection} 32. Rxf2 Qxd1+ 33. Kh2 Qc1 34. Qa5 Qf4+ 35. Kg1 Rc7 $2 ({Black should try} 35... Qe3 $19 {...f5 is the strong threat.} 36. Qd2 Rc7) 36. Ng5+ $1 $11 {The position is equal.} Qxg5 37. Qxc7 d3 {Threatens to win with ...d2.} 38. Rxf7 Qe3+ 39. Kf1 {Accuracy: White = 53%, Black = 76%.} 1/2-1/2

[Event "USA-ch Juniors Open 2019"]
[Site "Saint Louis"]
[Date "2019.07.20"]
[Round "9.3"]
[White "Sheng, Joshua"]
[Black "Yu, Jennifer"]
[Result "1-0"]
[WhiteElo "2449"]
[BlackElo "2341"]
[Annotator "ChessBase"]
[PlyCount "83"]
[EventDate "2019.07.09"]
[EventType "tourn"]
[EventCountry "USA"]
[SourceTitle "playchess.com"]
[Source "ChessBase"]
[SourceQuality "1"]
[TimeControl "40/5400+30:1800+30"]

1. e4 {[%emt 0:00:00]} e5 {[%emt 0:00:00]} 2. Bc4 {[%emt 0:00:00]} Nf6 {[%emt 0:00:20]} 3. d3 {[%emt 0:00:00]} c6 {[%emt 0:01:32]} 4. Nf3 {[%emt 0:00:00]} d5 {[%emt 0:00:07]} 5. Bb3 {[%emt 0:00:00]} a5 {[%emt 0:07:05]} 6. a4 {[%emt 0:00:05]} Bd6 {[%emt 0:01:02]} 7. exd5 {[%emt 0:03:40]} Nxd5 {[%emt 0:00:13]} 8. O-O {[%emt 0:00:24]} O-O {[%emt 0:00:10]} 9. Re1 {[%emt 0:00:24]} Nd7 {[%emt 0:09:14]} 10. Bg5 {[%emt 0:19:50]} Qc7 {[%emt 0:12:45]} 11. Na3 {[%emt 0:02:53]} Bxa3 {[%emt 0:06:47]} 12. Rxa3 {[%emt 0:00:09]} f6 {[%emt 0:06:02]} 13. Bh4 {[%emt 0:01:01]} N7b6 {[%emt 0:08:24]} 14. d4 {[%emt 0:08:42]} Bg4 {[%emt 0:00:18]} 15. dxe5 {[%emt 0:04:45]} fxe5 {[%emt 0:00:15]} 16. Ba2 {[%emt 0:00:23]} Kh8 {[%emt 0:09:35]} 17. h3 {[%emt 0:04:40]} Bxf3 {[%emt 0:02:52]} 18. Rxf3 {[%emt 0:00:05]} Nxa4 {[%emt 0:03:05]} 19. Rxf8+ {[%emt 0:02:57]} Rxf8 {[%emt 0:00:08]} 20. c4 {[%emt 0:00:40]} Nxb2 {[%emt 0:09:59]} 21. Qc2 {[%emt 0:02:32]} Nxc4 {[%emt 0:01:20]} 22. Bxc4 {[%emt 0:00:31]} Nf4 {[%emt 0:02:48]} 23. Bg3 {[%emt 0:02:16]} Qd6 {[%emt 0:03:49]} 24. Ba2 {[%emt 0:13:17]} b5 {[%emt 0:02:31]} 25. Bb1 {[%emt 0:03:13]} g6 {[%emt 0:00:07]} 26. Qc3 {[%emt 0:00:59]} b4 {[%emt 0:01:47]} 27. Qa1 {[%emt 0:03:21]} Qd5 {[%emt 0:02:13]} 28. Be4 {[%emt 0:02:39]} Qb5 {[%emt 0:01:29]} 29. Bxc6 {[%emt 0:11:31]} Qxc6 {[%emt 0:00:06]} 30. Qxe5+ {[%emt 0:00:06]} Qf6 {[%emt 0:00:28]} 31. Bxf4 {[%emt 0:00:04]} Qxe5 {[%emt 0:00:09]} 32. Bxe5+ {[%emt 0:00:04]} Kg8 {[%emt 0:00:01]} 33. Rc1 {[%emt 0:04:58]} b3 {[%emt 0:03:07]} 34. Rc7 {[%emt 0:04:11]} Re8 {[%emt 0:01:05]} 35. f4 {[%emt 0:01:17]} a4 {[%emt 0:00:03]} 36. Rg7+ {[%emt 0:00:37]} Kf8 {[%emt 0:00:08]} 37. Rb7 {[%emt 0:00:07]} Rc8 {[%emt 0:02:52]} 38. Rxh7 {[%emt 0:01:49]} Rc1+ {[%emt 0:00:10]} 39. Kh2 {[%emt 0:00:01]} a3 {[%emt 0:01:14]} 40. Bd6+ {[%emt 0:00:00]} Kg8 {[%emt 0:00:00]} 41. Bxa3 {[%emt 0:01:55]} Ra1 {[%emt 0:03:30]} 42. Rg7+ {[%emt 0:00:17]} 1-0

[Event "USA-ch Juniors Open 2019"]
[Site "Saint Louis"]
[Date "2019.07.20"]
[Round "9.4"]
[White "Burke, John M"]
[Black "Jacobson, Brandon"]
[Result "1/2-1/2"]
[WhiteElo "2562"]
[BlackElo "2456"]
[Annotator "TA"]
[PlyCount "132"]
[EventDate "2019.07.09"]
[EventType "tourn"]
[EventCountry "USA"]
[SourceTitle "playchess.com"]
[Source "ChessBase"]
[SourceQuality "1"]

{[%evp 9,132,-2,-5,0,0,0,-4,-25,0,-45,-27,-37,-11,-21,-26,-29,-38,-39,0,-7,-7,-2,-9,0,-7,-39,-39,-45,-63,-86,-90,-106,-100,-103,-58,-68,-78,-135,-148,-139,-87,-75,-25,-143,-138,-140,-156,-123,-147,-245,-245,-253,-245,-212,-192,-208,-129,-183,0,-129,-120,-131,-106,-106,0,-120,-135,-133,-132,-138,0,0,0,-138,-143,-137,-106,-122,-113,-112,-111,-159,-50,-54,-54,-47,-47,-52,-41,-52,-9,-9,0,0,0,-8,-8,-8,0,0,0,0,0,0,0,0,0,0,0,-67,-67,-71,-71,-71,-71,-72,-8,-21,-8,-8,-8,-8,0,0,0]} 1. e4 h6 2. h4 $146 ({Predecessor:} 2. d4 a6 3. c4 c5 4. d5 d6 5. Nc3 g5 6. Nge2 Bg7 7. Ng3 Nd7 8. h4 gxh4 9. Nh5 Bxc3+ 10. bxc3 Qa5 11. Rxh4 {1-0 (40) Howell,D (2689)-Basman,M (2313) Harrow 2018}) 2... d5 3. Nc3 dxe4 4. Nxe4 Bf5 5. Qf3 Qd5 6. Nd6+ {B00: Queen's Fianchetto Defence, Nimzowitsch Defence} Qxd6 7. Qxf5 Nc6 8. Rh3 Nf6 9. Bb5 e6 10. Qd3 a6 (10... Nd5 {seems wilder.} 11. Qc4 Be7 12. d4 O-O 13. Bxc6 bxc6 14. Kf1 Rae8) 11. Qxd6 cxd6 12. Ba4 b5 13. Bb3 Nd4 14. a4 b4 $1 $36 {[%mdl 2048] next ...Rc8 is good for Black. Black fights for an advantage.} 15. a5 Nxb3 16. Rxb3 d5 17. c3 Rb8 18. d4 Bd6 19. Ne2 Kd7 20. Bf4 bxc3 $1 21. Rxc3 Bb4 {Hoping for ...Rb5.} (21... Rxb2 $6 22. Bxd6 Kxd6 23. Rac1 $15) 22. Bxb8 Rxb8 23. Kd1 (23. f3 $142) 23... Bxc3 $17 24. bxc3 {[%mdl 4096] Endgame KRN-KRN} Ne4 ({Black should try} 24... Rb2 25. f3 Ne8) 25. Kc2 Rb5 26. f3 (26. g4 $11) 26... Nd6 27. Nf4 Nc4 28. Nd3 Kc7 (28... Nxa5 $6 29. h5 $11) (28... Rxa5 $6 29. Nc5+ Ke7 30. Rxa5 $11) 29. Nc5 (29. g4 $17) 29... Rb2+ $19 ({And not} 29... Nxa5 30. Nxa6+ Kd6 31. Nc5 $11) ({Weaker is} 29... Rxa5 30. Rxa5 Nxa5 31. Nxa6+ Kd7 32. Kd3 $11) 30. Kc1 Rxg2 31. Nxa6+ Kc6 {Strongly threatening ...Rg1+.} 32. Ra4 Rg1+ 33. Kc2 Rg2+ (33... g5 $19 34. hxg5 Rg2+ 35. Kb1 h5) 34. Kc1 $17 Kb5 35. Nc5 Rg1+ 36. Kc2 Rg2+ 37. Kc1 Nxa5 38. Rb4+ Kc6 39. Ra4 Kb5 {Threatens to win with ...Nb3+!} 40. Rb4+ Kc6 41. Ra4 Nb7 42. Nd3 Kc7 43. Ne5 f6 44. Nd3 Rg3 $1 45. Nf4 g5 ({Much less strong is} 45... Rxf3 46. Nxe6+ Kb6 47. Nxg7 $17) (45... Nd8 $17 46. Nh5 Rxf3 47. Ra7+ Kb6) 46. hxg5 $15 hxg5 47. Nxe6+ Kd7 48. Ra6 Rxf3 {White must now prevent ...g4.} 49. Kd2 g4 50. Ke2 $1 f5 51. Nf8+ Kc7 52. Ng6 Rxc3 {Black wants to play ...Nd6.} 53. Ne7 Rf3 {aiming for ...Nd6.} 54. Nxd5+ Kd7 55. Nf6+ $1 Ke7 {And now ...Nd6 would win.} 56. Nd5+ Kf7 57. Ne3 Nd8 58. d5 Rf4 59. Ra8 ({White should play} 59. Rd6 $11) 59... Ke7 60. d6+ Kd7 61. Nd5 {[#]} Re4+ $1 62. Kf2 {[#] Nf6+ is the strong threat.} Re6 (62... Ke6 $1 $17 {[%cal Re6d5]} 63. Ne3 Rf4+ 64. Kg2 Nf7) 63. Ne3 {The position is equal.} Rxd6 64. Ra5 Rd2+ 65. Ke1 Rb2 66. Rxf5 g3 {Accuracy: White = 59%, Black = 50%.} 1/2-1/2

[Event "USA-ch Juniors Open 2019"]
[Site "Saint Louis"]
[Date "2019.07.20"]
[Round "9.5"]
[White "Niemann, Hans Moke"]
[Black "Checa, Nicolas"]
[Result "1/2-1/2"]
[WhiteElo "2467"]
[BlackElo "2506"]
[Annotator "ChessBase"]
[PlyCount "60"]
[EventDate "2019.07.09"]
[EventType "tourn"]
[EventCountry "USA"]
[SourceTitle "playchess.com"]
[Source "ChessBase"]
[SourceQuality "1"]
[TimeControl "40/5400+30:1800+30"]

1. Nf3 {[%emt 0:01:13]} d5 {[%emt 0:00:00]} 2. e3 {[%emt 0:00:11]} Nf6 {[%emt 0:02:20]} 3. c4 {[%emt 0:00:17]} c6 {[%emt 0:02:33]} 4. Nc3 {[%emt 0:00:25]} a6 {[%emt 0:00:16]} 5. d4 {[%emt 0:02:01]} b5 {[%emt 0:03:58]} 6. cxd5 {[%emt 0:03:19]} cxd5 {[%emt 0:00:15]} 7. Bd3 {[%emt 0:01:31]} e6 {[%emt 0:05:40]} 8. a4 {[%emt 0:07:49]} b4 {[%emt 0:00:45]} 9. Ne2 {[%emt 0:00:55]} Nc6 {[%emt 0:02:41]} 10. b3 {[%emt 0:00:45]} Bd6 {[%emt 0:05:41]} 11. Bb2 {[%emt 0:00:25]} Bb7 {[%emt 0:00:07]} 12. O-O {[%emt 0:03:37]} O-O {[%emt 0:02:42]} 13. Ng3 {[%emt 0:04:00]} a5 {[%emt 0:04:39]} 14. Rc1 {[%emt 0:04:44]} Ne7 {[%emt 0:00:36]} 15. Ne5 {[%emt 0:01:17]} Ba6 {[%emt 0:01:26]} 16. Bxa6 {[%emt 0:01:50]} Rxa6 {[%emt 0:00:13]} 17. Qd3 {[%emt 0:00:16]} Ra8 {[%emt 0:08:10]} 18. Qb5 {[%emt 0:03:52]} Rb8 {[%emt 0:10:49]} 19. Qa6 {[%emt 0:00:11]} Ra8 {[%emt 0:00:06]} 20. Qb5 {[%emt 0:00:05]} Rb8 {[%emt 0:03:33]} 21. Qa6 {[%emt 0:00:03]} Qb6 {[%emt 0:00:05]} 22. Qxb6 {[%emt 0:00:16]} Rxb6 {[%emt 0:00:31]} 23. Rc2 {[%emt 0:00:06]} Rc8 {[%emt 0:00:04]} 24. Rxc8+ {[%emt 0:00:11]} Nxc8 {[%emt 0:00:03]} 25. Rc1 {[%emt 0:00:05]} Ne7 {[%emt 0:00:03]} 26. Nd3 {[%emt 0:00:23]} Kf8 {[%emt 0:06:17]} 27. f3 {[%emt 0:04:34]} Ke8 {[%emt 0:06:25]} 28. Kf2 {[%emt 0:00:23]} h5 {[%emt 0:03:19]} 29. Nf1 {[%emt 0:01:34]} Rc6 {[%emt 0:05:03]} 30. Rxc6 {[%emt 0:00:54]} Nxc6 {[%emt 0:00:04]} 1/2-1/2

[Event "USA-ch Juniors Open 2019"]
[Site "Saint Louis"]
[Date "2019.07.20"]
[Round "10.1"]
[White "Liang, Awonder"]
[Black "Checa, Nicolas"]
[Result "1-0"]
[WhiteElo "2592"]
[BlackElo "2506"]
[Annotator "TA"]
[PlyCount "65"]
[EventDate "2019.07.09"]
[EventType "tourn"]
[EventCountry "USA"]
[SourceTitle "playchess.com"]
[Source "ChessBase"]
[SourceQuality "1"]

{[%evp 10,65,52,29,53,36,47,39,69,66,72,-26,-23,-32,66,51,87,88,92,0,-4,-20,6,0,82,72,83,88,80,78,81,84,78,81,63,41,61,37,55,0,25,0,0,0,136,177,153,0,400,394,453,460,445,445,387,362,663,663]} 1. e4 e6 2. d4 d5 3. Nc3 Bb4 4. e5 b6 5. Qg4 Bf8 6. h4 h6 {C16: French: 3 Nc3 Bb4 4 e5: Lines without ...c5} (6... Ba6 7. Bxa6 Nxa6 8. a3 Qd7 9. h5 c5 10. Nf3 h6 11. Qf4 Ne7 12. Be3 Nf5 13. g4 Nxd4 14. Nxd4 cxd4 15. Bxd4 {½-½ (60) Mozharov,M (2566)-Istratescu,A (2677) Basel 2014}) 7. Nf3 Ne7 8. b4 $146 ({Predecessor:} 8. h5 Qd7 9. Bd2 Ba6 10. Rh3 c5 11. Bxa6 Nxa6 12. Ne2 Nc6 13. a3 O-O-O 14. dxc5 Nxc5 {1-0 (57) Dueckstein,A (2330)-Staudner,O (2340) Vienna 1997}) 8... c5 {White is slightly better.} 9. bxc5 bxc5 10. Bb5+ (10. dxc5 $16 a6 11. Rb1) 10... Bd7 $1 $11 {[%cal Rd7b5] aiming for ...Bxb5.} 11. O-O Nf5 (11... cxd4 $15 12. Nxd4 a6) 12. Bd3 $1 $14 Nxd4 13. Nxd4 cxd4 {[#]} 14. Ne2 ({White has to play} 14. Nb5 $1 $16) 14... Nc6 $11 15. Qg3 Qc7 16. Bf4 Nb4 (16... Rb8 $11) 17. Nxd4 $16 Nxd3 18. cxd3 g6 19. Rfc1 Qd8 20. h5 gxh5 21. Be3 h4 22. Qg4 {[%mdl 1024] White has compensation.} h5 $1 {[%cal Rh5g4]} 23. Qh3 Rg8 24. a4 ({Better is} 24. Qf3 $14) 24... Rg4 25. Nb5 $36 {[%mdl 2048] White has some pressure.} Bxb5 $1 26. axb5 Be7 (26... d4 $11 {remains equal.} 27. Qf3 dxe3 28. Qc6+ Ke7 29. Qb7+ Ke8 30. Qc6+ Ke7 31. Qb7+ Ke8 32. Qc6+ Ke7) 27. Bxa7 Bg5 28. Be3 $2 (28. Rc2 $16) 28... Rxa1 $4 {[%mdl 8192]} (28... Rg3 $1 $11 29. Bxg5 Rxg5 30. Rxa8 Qxa8) 29. Rxa1 $18 Rb4 30. Qf3 Bxe3 31. Qxe3 {Threatens to win with Qh6.} ({Less strong is} 31. fxe3 Qg5 $16) 31... Rxb5 32. Qh6 {Ra7 would kill now.} Rb7 $2 {[#]} (32... Rc5 33. Qxh5 Ke7 34. Ra7+ Rc7) 33. Ra8 $1 {[%mdl 512] Accuracy: White = 67%, Black = 37%.} 1-0